[Event "42nd Guernsey Open 2016"]
[Site "Vale GCI"]
[Date "2016.10.16"]
[Round "1"]
[White "Hewson, Brian Wr"]
[Black "Hickman, John E"]
[Result "1/2-1/2"]
[WhiteElo "2068"]
[BlackElo "1926"]
[PlyCount "103"]
[EventDate "2016.10.16"]
[EventType "swiss"]
[EventRounds "7"]
[EventCountry "GCI"]

1. d4 d6 2. Nc3 g6 3. e4 Nf6 4. Be2 Bg7 5. Be3 O-O 6. h4 e5 7. dxe5 dxe5 8.
Qxd8 Rxd8 9. Bg5 Be6 10. h5 Nc6 11. hxg6 hxg6 12. Nf3 a6 13. a3 Rd7 14. O-O Nh7
15. Bc1 Nd4 16. Nxd4 exd4 17. Na4 Bf8 18. b4 b6 19. Rd1 Rdd8 20. Bf4 Bd6 21.
Bxd6 Rxd6 22. Rd2 a5 23. b5 Rad8 24. Rad1 f6 25. Nb2 Ng5 26. f3 c5 27. Bc4 Nf7
28. Bxe6 Rxe6 29. c3 Nd6 30. cxd4 Nxb5 31. d5 Ree8 32. Nc4 f5 33. exf5 gxf5 34.
Rb1 Nd4 35. Rxb6 Rxd5 36. Kf2 Red8 37. Rdb2 f4 38. Rb8 Nc6 39. Rxd8+ Rxd8 40.
Rb5 Nd4 41. Rxc5 a4 42. Ra5 Re8 43. Rxa4 Re2+ 44. Kf1 Rc2 45. Ne5 Rc1+ 46. Kf2
Rc2+ 47. Kg1 Ne2+ 48. Kh2 Rc7 49. g4 fxg3+ 50. Kg2 Rc1 51. Rg4+ Kf8 52. Rxg3
1/2-1/2

[Event "42nd Guernsey Open 2016"]
[Site "Vale GCI"]
[Date "2016.10.16"]
[Round "1"]
[White "Magnussen, Pal"]
[Black "Heppell, Ian N"]
[Result "0-1"]
[WhiteElo "1926"]
[BlackElo "2066"]
[PlyCount "86"]
[EventDate "2016.10.16"]
[EventType "swiss"]
[EventRounds "7"]
[EventCountry "GCI"]

1. e4 e5 2. Nf3 d6 3. Bc4 Be7 4. Nc3 Nf6 5. h3 O-O 6. d3 c6 7. Bg5 b5 8. Bb3
Nbd7 9. a3 Nc5 10. O-O Nxb3 11. cxb3 Qb6 12. Be3 Qb7 13. b4 Re8 14. Re1 h6 15.
Rc1 Bf8 16. d4 Bd7 17. Qc2 Rac8 18. dxe5 dxe5 19. Bc5 Qb8 20. Ne2 Be6 21. Ng3
g6 22. Bxf8 Rxf8 23. Red1 Rfe8 24. Rd2 Nd7 25. Rcd1 Re7 26. Qc3 c5 27. bxc5
Rxc5 28. Qe3 Qf8 29. b4 Rc7 30. Rd6 Kh7 31. h4 Bg4 32. h5 Qg7 33. hxg6+ fxg6
34. R1d5 Nb6 35. Nh4 Nc4 36. Qb3 Nxd6 37. Rxd6 Qf7 38. Qb2 Re6 39. Rxe6 Qxe6
40. f3 Qf6 41. Nxg6 Qxg6 42. fxg4 Qb6+ 43. Kh2 Qd4 0-1

[Event "42nd Guernsey Open 2016"]
[Site "Vale GCI"]
[Date "2016.10.16"]
[Round "1"]
[White "Hamperl, Fred"]
[Black "Markering, Martin"]
[Result "1-0"]
[WhiteElo "2055"]
[BlackElo "1922"]
[PlyCount "83"]
[EventDate "2016.10.16"]
[EventType "swiss"]
[EventRounds "7"]
[EventCountry "GCI"]

1. e4 e6 2. d4 d5 3. exd5 exd5 4. c4 Bb4+ 5. Nc3 Ne7 6. Bd3 Nbc6 7. Nge2 O-O 8.
O-O Bg4 9. f3 dxc4 10. Bxc4 Bf5 11. Be3 a6 12. a3 Bxc3 13. Nxc3 Nc8 14. b4 Nd6
15. Ba2 Kh8 16. Qd2 Qd7 17. Rac1 Rac8 18. Rfd1 Bg6 19. Bf2 f6 20. Qf4 Qf5 21.
Qg3 Qg5 22. Be6 Qxg3 23. Bxg3 Rcd8 24. d5 Ne5 25. Ne2 Bd3 26. Bxe5 Bxe2 27. Rd2
Bb5 28. Bd4 Nc4 29. Rdc2 Nb6 30. Bxb6 cxb6 31. Rc7 Rb8 32. Re7 Rfe8 33. Rcc7
Rxe7 34. Rxe7 h6 35. Kf2 a5 36. Ke3 axb4 37. axb4 Kh7 38. Rc7 Re8 39. Kd4 Rb8
40. d6 Rd8 41. d7 Bc6 42. Kc4 1-0

[Event "42nd Guernsey Open 2016"]
[Site "Vale GCI"]
[Date "2016.10.16"]
[Round "1"]
[White "Fassaert, Desire JM"]
[Black "Purdon, Colin"]
[Result "0-1"]
[WhiteElo "1919"]
[BlackElo "2053"]
[PlyCount "50"]
[EventDate "2016.10.16"]
[EventType "swiss"]
[EventRounds "7"]
[EventCountry "GCI"]

1. Nf3 d5 2. e3 Nf6 3. c4 e6 4. b3 c5 5. Bb2 Nc6 6. cxd5 exd5 7. d4 cxd4 8.
Nxd4 Bb4+ 9. Bc3 Bd6 10. Nxc6 bxc6 11. Nd2 O-O 12. Bd3 Re8 13. O-O c5 14. Qc2
d4 15. Bb2 Bb7 16. Rfe1 Ng4 17. Nf1 Qh4 18. h3 Ne5 19. f3 Bxf3 20. exd4 cxd4
21. Be4 Rac8 22. Qf2 Qxf2+ 23. Kxf2 Bxe4 24. Rxe4 Rc2+ 25. Re2 Nd3+ 0-1

[Event "42nd Guernsey Open 2016"]
[Site "Vale GCI"]
[Date "2016.10.16"]
[Round "1"]
[White "Aristegui, Michel"]
[Black "Von Saldern, Ruediger"]
[Result "1-0"]
[WhiteElo "2052"]
[BlackElo "1914"]
[PlyCount "77"]
[EventDate "2016.10.16"]
[EventType "swiss"]
[EventRounds "7"]
[EventCountry "GCI"]

1. e3 d5 2. f4 Nf6 3. Nf3 Bg4 4. Be2 e6 5. b3 Nbd7 6. Bb2 Be7 7. O-O c6 8. Ne5
Bxe2 9. Qxe2 Rg8 10. d3 g6 11. Nd2 Nxe5 12. Bxe5 Nd7 13. Bb2 Bf6 14. c3 Qb6 15.
Kh1 O-O-O 16. e4 Rge8 17. e5 Be7 18. a4 f5 19. d4 h6 20. Ba3 Bxa3 21. Rxa3 Rh8
22. a5 Qc7 23. c4 Rdg8 24. cxd5 exd5 25. b4 g5 26. fxg5 Rxg5 27. Nf3 Rg4 28.
Qd3 Rhg8 29. Ra2 f4 30. Qf5 Kb8 31. h3 R4g6 32. Nh4 Rg5 33. Qxf4 b6 34. a6 Kc8
35. e6 Nb8 36. Qxc7+ Kxc7 37. Rf7+ Kd6 38. Rxa7 Kxe6 39. Rc7 1-0

[Event "42nd Guernsey Open 2016"]
[Site "Vale GCI"]
[Date "2016.10.16"]
[Round "1"]
[White "Kraft, Karl Heinz"]
[Black "Boldt, Heinrich"]
[Result "1-0"]
[WhiteElo "2044"]
[BlackElo "1874"]
[PlyCount "47"]
[EventDate "2016.10.16"]
[EventType "swiss"]
[EventRounds "7"]
[EventCountry "GCI"]

1. e4 d6 2. d4 Nf6 3. Nc3 e5 4. Nf3 Nbd7 5. Bc4 Be7 6. Bb3 h6 7. h3 O-O 8. Be3
Re8 9. Qd2 a6 10. g4 exd4 11. Nxd4 Nc5 12. f3 Nh7 13. O-O-O Nxb3+ 14. axb3 c5
15. Nf5 Bxf5 16. gxf5 Bf8 17. Rhg1 Kh8 18. Qg2 Nf6 19. Bxc5 Nh5 20. Be3 Rc8 21.
Kb1 Kh7 22. Nd5 Nf6 23. Nxf6+ Qxf6 24. Bd4 1-0

[Event "42nd Guernsey Open 2016"]
[Site "Vale GCI"]
[Date "2016.10.16"]
[Round "1"]
[White "Bakker, Joop"]
[Black "Rosen, Daniel B"]
[Result "1/2-1/2"]
[WhiteElo "1868"]
[BlackElo "2034"]
[PlyCount "105"]
[EventDate "2016.10.16"]
[EventType "swiss"]
[EventRounds "7"]
[EventCountry "GCI"]

1. g3 d6 2. Bg2 e5 3. e4 Nc6 4. Ne2 g6 5. d3 Bg7 6. O-O Nge7 7. Nbc3 O-O 8. f4
exf4 9. Nxf4 Nd4 10. Ncd5 c6 11. Nxe7+ Qxe7 12. c3 Ne6 13. Nxe6 Bxe6 14. Bf4 f5
15. Qd2 fxe4 16. Bxe4 Bh3 17. Bg2 Bxg2 18. Kxg2 Rae8 19. Rae1 Qf7 20. c4 Rxe1
21. Rxe1 d5 22. Qe2 dxc4 23. dxc4 Qf5 24. Rf1 h5 25. Bc1 Qxf1+ 26. Qxf1 Rxf1
27. Kxf1 Kf7 28. Ke2 Ke6 29. b3 Kf5 30. Kf3 g5 31. h3 g4+ 32. hxg4+ hxg4+ 33.
Ke2 Be5 34. Be3 Bxg3 35. Bxa7 Ke4 36. b4 b5 37. cxb5 cxb5 38. Bc5 Be5 39. Kf2
Kd3 40. Be7 Bf4 41. Bc5 Kc3 42. Be7 Kb2 43. Ke2 Kxa2 44. Kd3 Kb3 45. Ke4 Bh2
46. Kf5 g3 47. Bd6 g2 48. Bxh2 Kxb4 49. Ke4 Kc4 50. Kf3 b4 51. Kxg2 Kd5 52. Bf4
b3 53. Bc1 1/2-1/2

[Event "42nd Guernsey Open 2016"]
[Site "Vale GCI"]
[Date "2016.10.16"]
[Round "1"]
[White "Taylor, Mark V"]
[Black "Gravett, Alan D"]
[Result "1-0"]
[WhiteElo "2031"]
[BlackElo "1844"]
[PlyCount "39"]
[EventDate "2016.10.16"]
[EventType "swiss"]
[EventRounds "7"]
[EventCountry "GCI"]

1. d4 Nf6 2. Nc3 c5 3. d5 d6 4. e4 g6 5. Be2 Bg7 6. Nf3 O-O 7. O-O e6 8. Nd2 a6
9. a4 exd5 10. exd5 Re8 11. a5 Bf5 12. Nc4 Ne4 13. Ra3 Nxc3 14. bxc3 Qe7 15.
Nb6 Qxe2 16. Qxe2 Rxe2 17. Nxa8 Rxc2 18. Re1 Bxc3 19. Rxc3 Rxc3 20. Re8+ 1-0

[Event "42nd Guernsey Open 2016"]
[Site "Vale GCI"]
[Date "2016.10.16"]
[Round "1"]
[White "Downey, Keith"]
[Black "Wager, John D"]
[Result "0-1"]
[WhiteElo "1829"]
[BlackElo "2027"]
[PlyCount "81"]
[EventDate "2016.10.16"]
[EventType "swiss"]
[EventRounds "7"]
[EventCountry "GCI"]

1. Nf3 d5 2. d4 Nf6 3. c4 c6 4. Qc2 e6 5. g3 Nbd7 6. Bg2 Be7 7. O-O O-O 8. Bf4
Ne4 9. Nc3 f5 10. c5 g5 11. Bd2 Bf6 12. e3 h5 13. Ne1 g4 14. Nd3 e5 15. dxe5
Nxe5 16. Nxe5 Bxe5 17. Ne2 Qf6 18. Rab1 Be6 19. a3 Rad8 20. Ba5 Rd7 21. Rfd1
Rh7 22. Nf4 h4 23. Be1 hxg3 24. fxg3 Qh6 25. Bxe4 fxe4 26. Qg2 Qf6 27. Rd2 Bxf4
28. gxf4 g3 29. Bxg3 Bg4 30. Kf2 Kf7 31. Ke1 Bf3 32. Qf2 Rg8 33. Rc2 Rh3 34.
Rbc1 Qh8 35. Qg1 Rgxg3 36. hxg3 Rh1 37. Qxh1 Qxh1+ 38. Kd2 Qg2+ 39. Kc3 Qxg3
40. b4 Bg4 41. Kd2 0-1

[Event "42nd Guernsey Open 2016"]
[Site "Vale GCI"]
[Date "2016.10.16"]
[Round "1"]
[White "Collier, David O"]
[Black "Hoogland, Rob"]
[Result "1-0"]
[WhiteElo "2024"]
[BlackElo "1813"]
[PlyCount "63"]
[EventDate "2016.10.16"]
[EventType "swiss"]
[EventRounds "7"]
[EventCountry "GCI"]

1. d4 Nf6 2. Bg5 c5 3. d5 Qb6 4. Bc1 e6 5. Nc3 Be7 6. e4 O-O 7. Nf3 exd5 8.
exd5 c4 9. Be2 Bc5 10. O-O Re8 11. Nd2 Bb4 12. Nxc4 Qc5 13. Be3 Qf8 14. Nb5 Na6
15. a3 Bc5 16. d6 Bxe3 17. Nxe3 Re5 18. b4 Qe8 19. c4 h5 20. Bf3 h4 21. Ng4
Nxg4 22. Bxg4 b6 23. Bf3 Rb8 24. Re1 Bb7 25. Bxb7 Rxb7 26. Qd2 h3 27. Rxe5 Qxe5
28. Re1 Qf5 29. Qe3 hxg2 30. Qe8+ Kh7 31. Qe4 Kg6 32. Qxb7 1-0

[Event "42nd Guernsey Open 2016"]
[Site "Vale GCI"]
[Date "2016.10.16"]
[Round "1"]
[White "Murray, J Stephen"]
[Black "Milnes, Anthony CP"]
[Result "0-1"]
[WhiteElo "1795"]
[BlackElo "2019"]
[PlyCount "80"]
[EventDate "2016.10.16"]
[EventType "swiss"]
[EventRounds "7"]
[EventCountry "GCI"]

1. e4 e6 2. d4 d5 3. Nd2 Nc6 4. Ngf3 Nf6 5. e5 Nd7 6. Bb5 a6 7. Bxc6 bxc6 8.
Nb3 c5 9. Bg5 Be7 10. Na5 Nb8 11. Bxe7 Qxe7 12. O-O O-O 13. Nb3 cxd4 14. Qxd4
Nd7 15. Rfe1 c5 16. Qd2 Rb8 17. Rab1 Bb7 18. Qe2 Qd8 19. Nbd2 Qa5 20. a3 Bc6
21. c4 d4 22. Ne4 Rb3 23. Nfd2 Rb6 24. f4 Rfb8 25. Nf3 Bxe4 26. Qxe4 Rxb2 27.
Ng5 Nf8 28. Qd3 Qc3 29. Qxc3 dxc3 30. Rxb2 cxb2 31. Rb1 Ng6 32. g3 Ne7 33. Ne4
Nf5 34. Nxc5 Ne3 35. Nd3 Nxc4 36. Kf2 f6 37. exf6 gxf6 38. Ke2 Rb3 39. g4 Rxa3
40. Nxb2 Rb3 0-1

[Event "42nd Guernsey Open 2016"]
[Site "Vale GCI"]
[Date "2016.10.16"]
[Round "1"]
[White "Frijling, Jeroen"]
[Black "Goris, Ton"]
[Result "0-1"]
[WhiteElo "1778"]
[BlackElo "2005"]
[PlyCount "72"]
[EventDate "2016.10.16"]
[EventType "swiss"]
[EventRounds "7"]
[EventCountry "GCI"]

1. d4 Nf6 2. c4 c5 3. d5 e6 4. Nc3 exd5 5. cxd5 d6 6. Nf3 g6 7. g3 Bg7 8. Bg2
O-O 9. O-O a6 10. a4 Re8 11. Bf4 Qc7 12. Re1 Nbd7 13. e4 Ng4 14. Qc2 Rb8 15. a5
b5 16. axb6 Rxb6 17. h3 Nge5 18. Nxe5 Nxe5 19. Nd1 f5 20. Kh2 fxe4 21. Bxe4
Nf3+ 22. Bxf3 Rxe1 23. Bd2 Rxb2 24. Qc1 Rxd1 25. Qxd1 Rxd2 26. Qxd2 Bxa1 27.
Qe1 Be5 28. Bg4 Bxg4 29. hxg4 Qe7 30. f4 Bf6 31. Qd2 c4 32. g5 c3 33. Qd3 Bg7
34. Kh3 Qc7 35. Qe2 Qc8+ 36. g4 c2 0-1

[Event "42nd Guernsey Open 2016"]
[Site "Vale GCI"]
[Date "2016.10.16"]
[Round "1"]
[White "Dilleigh, Stephen P"]
[Black "Ippel, Cornelius J"]
[Result "1/2-1/2"]
[WhiteElo "2004"]
[BlackElo "1720"]
[PlyCount "94"]
[EventDate "2016.10.16"]
[EventType "swiss"]
[EventRounds "7"]
[EventCountry "GCI"]

1. Nf3 d5 2. d4 e6 3. c4 c6 4. Nbd2 Nf6 5. g3 Be7 6. Bg2 O-O 7. O-O Nbd7 8. Qc2
Re8 9. e4 dxe4 10. Nxe4 Nxe4 11. Qxe4 Nf6 12. Qc2 Bd7 13. b3 Rc8 14. Bb2 h6 15.
Rad1 b5 16. c5 Nd5 17. a3 Bf6 18. Rfe1 a5 19. Bf1 g6 20. Bd3 Kg7 21. Kg2 Ra8
22. Ne5 Bxe5 23. dxe5 Bc8 24. h4 Qe7 25. Be4 Rd8 26. Bd4 Ra7 27. Qb2 Rad7 28.
Bf3 Bb7 29. b4 a4 30. Qa1 Qf8 31. Bb2 Qe7 32. Rd4 Qe8 33. Red1 Kh7 34. Qb1 Qe7
35. Qe4 Kg7 36. Qg4 Rg8 37. Qe4 Kf8 38. Qe2 g5 39. hxg5 hxg5 40. Bxd5 Rxd5 41.
Rxd5 exd5 42. Qh5 Qe6 43. Rh1 Bc8 44. Qh6+ Qxh6 45. Rxh6 Be6 46. Bc1 g4 47. Rf6
Rg6 1/2-1/2

[Event "42nd Guernsey Open 2016"]
[Site "Vale GCI"]
[Date "2016.10.17"]
[Round "2"]
[White "Wager, John D"]
[Black "Le Roux, Jean Pierre"]
[Result "0-1"]
[WhiteElo "2027"]
[BlackElo "2549"]
[PlyCount "58"]
[EventDate "2016.10.16"]
[EventType "swiss"]
[EventRounds "7"]
[EventCountry "GCI"]

1. Nf3 g6 2. d4 Bg7 3. c3 d6 4. Bg5 h6 5. Bh4 Nf6 6. e3 O-O 7. Bd3 Qe8 8. Nbd2
e5 9. Qc2 Nc6 10. O-O-O d5 11. Nxe5 Nxe5 12. dxe5 Ng4 13. Nf3 c5 14. c4 dxc4
15. Bxc4 Bf5 16. e4 Be6 17. Bg3 Bxc4 18. Qxc4 Nxe5 19. Nxe5 Bxe5 20. Bxe5 Qxe5
21. g3 b5 22. Rd5 Qe6 23. Qd3 c4 24. Qd4 c3 25. h4 Rac8 26. f3 Qa6 27. a3 b4
28. Qd3 Qa4 29. axb4 Qb3 0-1

[Event "42nd Guernsey Open 2016"]
[Site "Vale GCI"]
[Date "2016.10.17"]
[Round "2"]
[White "Hillarp Persson, Tiger"]
[Black "Kraft, Karl Heinz"]
[Result "1-0"]
[WhiteElo "2513"]
[BlackElo "2044"]
[PlyCount "77"]
[EventDate "2016.10.16"]
[EventType "swiss"]
[EventRounds "7"]
[EventCountry "GCI"]

1. d4 f5 2. Nc3 Nf6 3. Bg5 d5 4. e3 Be6 5. Bxf6 exf6 6. h3 Qd7 7. Bb5 Nc6 8.
Nge2 a6 9. Ba4 Qf7 10. Nf4 b5 11. Bb3 Ne7 12. O-O c6 13. Re1 Kd8 14. e4 fxe4
15. Nxe4 Ng6 16. Ng5 fxg5 17. Nxe6+ Kc8 18. a4 b4 19. Nxg5 Qf5 20. Qg4 Qxg4 21.
hxg4 Be7 22. Ne6 Rg8 23. c4 bxc3 24. bxc3 Rb8 25. Bc2 Rb2 26. Bf5 Nh4 27. Nxg7+
Nxf5 28. Nxf5 Bg5 29. Ne7+ Bxe7 30. Rxe7 Rxg4 31. Rae1 Re4 32. R1xe4 dxe4 33.
Rxe4 Ra2 34. Rh4 Rxa4 35. Rxh7 Ra1+ 36. Kh2 a5 37. g4 Re1 38. g5 Re6 39. Ra7
1-0

[Event "42nd Guernsey Open 2016"]
[Site "Vale GCI"]
[Date "2016.10.17"]
[Round "2"]
[White "Parligras, Cosmin"]
[Black "Taylor, Mark V"]
[Result "1-0"]
[WhiteElo "2263"]
[BlackElo "2031"]
[PlyCount "75"]
[EventDate "2016.10.16"]
[EventType "swiss"]
[EventRounds "7"]
[EventCountry "GCI"]

1. Nf3 e6 2. g3 b6 3. Bg2 Bb7 4. O-O Nf6 5. d3 Be7 6. e4 d6 7. b3 Nbd7 8. Bb2
O-O 9. Nbd2 c5 10. Qe2 Qc7 11. c4 a6 12. d4 cxd4 13. Nxd4 Rfe8 14. Rfe1 Bf8 15.
h3 Rac8 16. Kh2 g6 17. Rad1 Rcd8 18. Nb1 Qb8 19. Nc3 Bg7 20. Qc2 h5 21. Nf3 Qa8
22. Rxd6 Nc5 23. Rxd8 Rxd8 24. Ne5 h4 25. b4 hxg3+ 26. fxg3 Ncd7 27. Nf3 Nh5
28. Nd1 Qb8 29. Qf2 Ndf6 30. Ng5 Rd3 31. Ne3 Nxg3 32. e5 Bxg2 33. Kxg2 Qb7+ 34.
Kxg3 Nh5+ 35. Kh2 Bh6 36. h4 Bxg5 37. hxg5 Qe7 38. Rf1 1-0

[Event "42nd Guernsey Open 2016"]
[Site "Vale GCI"]
[Date "2016.10.17"]
[Round "2"]
[White "Reijneveld, Ad"]
[Black "Collier, David O"]
[Result "1/2-1/2"]
[WhiteElo "2092"]
[BlackElo "2024"]
[PlyCount "55"]
[EventDate "2016.10.16"]
[EventType "swiss"]
[EventRounds "7"]
[EventCountry "GCI"]

1. e4 c5 2. Nf3 d6 3. Bb5+ Bd7 4. Bxd7+ Qxd7 5. c4 Nc6 6. d4 cxd4 7. Nxd4 Nf6
8. Nc3 g6 9. f3 Bg7 10. Be3 O-O 11. O-O Rfd8 12. Qd2 e6 13. Rac1 d5 14. exd5
exd5 15. c5 Re8 16. Bf2 Rad8 17. Ncb5 Re7 18. Rfe1 Rde8 19. Rxe7 Rxe7 20. Nxc6
bxc6 21. Nd4 Qb7 22. b3 Nd7 23. Qa5 Nf8 24. Qa4 Rc7 25. Re1 Rc8 26. Bg3 Qd7 27.
Bd6 Ne6 28. Nxe6 1/2-1/2

[Event "42nd Guernsey Open 2016"]
[Site "Vale GCI"]
[Date "2016.10.17"]
[Round "2"]
[White "Milnes, Anthony CP"]
[Black "Curtis, John E"]
[Result "0-1"]
[WhiteElo "2019"]
[BlackElo "2088"]
[PlyCount "46"]
[EventDate "2016.10.16"]
[EventType "swiss"]
[EventRounds "7"]
[EventCountry "GCI"]

1. f4 d5 2. Nf3 g6 3. e3 Bg7 4. Be2 Nf6 5. O-O O-O 6. d3 c5 7. Nc3 d4 8. Ne4
Nc6 9. Nxc5 dxe3 10. d4 b6 11. Nd3 Nxd4 12. Nxd4 Qxd4 13. c3 Qd6 14. Bxe3 Nd5
15. Bd2 Rd8 16. Qe1 Bf5 17. Rd1 Rac8 18. Bc1 Qe6 19. Bf3 Nxc3 20. bxc3 Bxd3 21.
Qxe6 fxe6 22. Rfe1 Bc4 23. Bg4 Bxc3 0-1

[Event "42nd Guernsey Open 2016"]
[Site "Vale GCI"]
[Date "2016.10.17"]
[Round "2"]
[White "Heppell, Ian N"]
[Black "Tunge, Christian"]
[Result "1-0"]
[WhiteElo "2066"]
[BlackElo "2018"]
[PlyCount "131"]
[EventDate "2016.10.16"]
[EventType "swiss"]
[EventRounds "7"]
[EventCountry "GCI"]

1. e4 c5 2. Nf3 d6 3. Bb5+ Nc6 4. O-O Bd7 5. c3 Nf6 6. Re1 a6 7. Bf1 e5 8. d4
cxd4 9. cxd4 Bg4 10. d5 Nd4 11. Nc3 Be7 12. Be2 Nxe2+ 13. Qxe2 O-O 14. h3 Bh5
15. Be3 b5 16. a3 Rc8 17. Rac1 Qd7 18. Bd2 Rc4 19. Qd3 Rfc8 20. b3 R4c7 21. Ne2
Rxc1 22. Rxc1 Rxc1+ 23. Bxc1 Qc7 24. g4 Bg6 25. Nd2 h5 26. f3 Nh7 27. Qc3 Qb6+
28. Kh1 Ng5 29. Kg2 h4 30. Nf1 Nxh3 31. Be3 Qb7 32. Kxh3 f5 33. gxf5 Bxf5+ 34.
exf5 Qxd5 35. Bf2 e4 36. Qc8+ Kh7 37. Qe6 Qd1 38. Nfg3 hxg3 39. Nxg3 Qxf3 40.
Qxe4 Qxe4 41. Nxe4 d5 42. Bc5 Bd8 43. Nc3 g6 44. Kg4 Kg7 45. Nxd5 gxf5+ 46.
Kxf5 Kf7 47. Ke5 a5 48. Bb6 Bh4 49. Bxa5 Bg3+ 50. Kd4 Bf2+ 51. Kd3 Ke6 52. Nc7+
Kd7 53. Nxb5 Kc6 54. Kc4 Bh4 55. Bc7 Be7 56. b4 Bf8 57. a4 Bxb4 58. Kxb4 Kb7
59. Bg3 Kb6 60. a5+ Kb7 61. Nc7 Kc6 62. Kc4 Kb7 63. Kb5 Ka7 64. Kc6 Kb8 65. a6
Ka7 66. Bf2+ 1-0

[Event "42nd Guernsey Open 2016"]
[Site "Vale GCI"]
[Date "2016.10.17"]
[Round "2"]
[White "Goris, Ton"]
[Black "Hamperl, Fred"]
[Result "1/2-1/2"]
[WhiteElo "2005"]
[BlackElo "2055"]
[PlyCount "93"]
[EventDate "2016.10.16"]
[EventType "swiss"]
[EventRounds "7"]
[EventCountry "GCI"]

1. e4 c5 2. c3 e6 3. d4 d5 4. e5 Nc6 5. Nf3 Qb6 6. a3 f6 7. Bd3 fxe5 8. Nxe5
Nxe5 9. dxe5 Ne7 10. O-O g6 11. b4 Nc6 12. Re1 Bg7 13. Be3 Nxe5 14. Bxc5 Qc7
15. Bb5+ Bd7 16. Bxd7+ Kxd7 17. Qe2 Rhf8 18. Bd4 Rf5 19. f4 Rxf4 20. Bxe5 Qb6+
21. Bd4 Bxd4+ 22. cxd4 Re4 23. Qxe4 dxe4 24. Rxe4 a5 25. Nd2 Rc8 26. Rae1 axb4
27. axb4 Qxb4 28. Nf3 Re8 29. Ng5 Qd6 30. Nf7 Qd5 31. Ne5+ Kc7 32. h3 b5 33.
Nd3 Kb6 34. Nf4 Qa2 35. Nxe6 b4 36. d5 Qxd5 37. Rxb4+ Ka5 38. Rbe4 Qd2 39. Ra1+
Kb6 40. Rb1+ Kc6 41. Rc4+ Kd5 42. Rd4+ Qxd4+ 43. Nxd4 Kxd4 44. Rd1+ Kc5 45. Rd7
h6 46. Kf2 Re6 47. Kf3 1/2-1/2

[Event "42nd Guernsey Open 2016"]
[Site "Vale GCI"]
[Date "2016.10.17"]
[Round "2"]
[White "Purdon, Colin"]
[Black "Brookfield, Toby"]
[Result "1/2-1/2"]
[WhiteElo "2053"]
[BlackElo "1906"]
[PlyCount "63"]
[EventDate "2016.10.16"]
[EventType "swiss"]
[EventRounds "7"]
[EventCountry "GCI"]

1. d4 f5 2. Bg5 g6 3. Nc3 Bg7 4. e4 fxe4 5. f3 d5 6. Qd2 Nf6 7. O-O-O O-O 8.
fxe4 dxe4 9. Bc4+ Kh8 10. Nge2 Nc6 11. Bxf6 exf6 12. Nxe4 Qe7 13. Nf2 Qb4 14.
Qxb4 Nxb4 15. Nd3 Nxd3+ 16. Bxd3 Be6 17. Kb1 Rad8 18. c3 Rfe8 19. Nf4 Bf7 20.
Rhf1 g5 21. Ne2 Bd5 22. Rf2 Re3 23. Ng3 Rde8 24. c4 Bf7 25. Nf5 Re1 26. Rxe1
Rxe1+ 27. Kc2 Bf8 28. a3 Bg6 29. Kd2 Re8 30. g4 Rd8 31. Kc3 Bd6 32. Nxd6
1/2-1/2

[Event "42nd Guernsey Open 2016"]
[Site "Vale GCI"]
[Date "2016.10.17"]
[Round "2"]
[White "Thurlow, Kevin J"]
[Black "Aristegui, Michel"]
[Result "1/2-1/2"]
[WhiteElo "1974"]
[BlackElo "2052"]
[PlyCount "103"]
[EventDate "2016.10.16"]
[EventType "swiss"]
[EventRounds "7"]
[EventCountry "GCI"]

1. c4 e6 2. Nc3 f5 3. d4 Nf6 4. g3 Bb4 5. Bd2 O-O 6. Bg2 Nc6 7. Nf3 Ne7 8. O-O
b6 9. Ne5 c6 10. Rc1 Qe8 11. Nb5 Bxd2 12. Nd6 Qh5 13. Qxd2 a5 14. f3 Ba6 15. a4
Nc8 16. Nxc8 Raxc8 17. b4 Ra8 18. b5 Bb7 19. c5 cxb5 20. axb5 Bd5 21. Nd3 Qe8
22. cxb6 Qb8 23. Nc5 d6 24. e4 dxc5 25. exd5 cxd4 26. Qxd4 e5 27. Qc5 Nd7 28.
Qc6 Qxb6+ 29. Qxb6 Nxb6 30. Rfe1 Rfe8 31. d6 Rab8 32. Rc5 Nd7 33. Rc7 Red8 34.
Bf1 a4 35. Bc4+ Kh8 36. Rc6 g6 37. Kf2 Kg7 38. h4 h6 39. Rc7 Kf6 40. f4 e4 41.
Ke3 g5 42. hxg5+ hxg5 43. Rh1 Kg6 44. fxg5 Kxg5 45. Rh7 Ne5 46. Be2 Rxd6 47.
Rcg7+ Rg6 48. Rxg6+ Kxg6 49. Ra7 Nd3 50. Bxd3 exd3 51. Rxa4 Rxb5 52. g4 1/2-1/2

[Event "42nd Guernsey Open 2016"]
[Site "Vale GCI"]
[Date "2016.10.17"]
[Round "2"]
[White "Campbell, Ian"]
[Black "Korneev, Oleg"]
[Result "0-1"]
[WhiteElo "1985"]
[BlackElo "2581"]
[PlyCount "62"]
[EventDate "2016.10.16"]
[EventType "swiss"]
[EventRounds "7"]
[EventCountry "GCI"]

1. g3 d5 2. Bg2 e5 3. d3 c6 4. Nd2 Nf6 5. b3 Bc5 6. e3 O-O 7. Bb2 Re8 8. h3
Nbd7 9. Ne2 Nf8 10. c3 Ng6 11. Qc2 a5 12. e4 Ba7 13. O-O Bd7 14. Rad1 h5 15.
Kh2 h4 16. d4 exd4 17. cxd4 dxe4 18. Nxe4 Nxe4 19. Bxe4 Bb8 20. Bxg6 fxg6 21.
Bc1 Bf5 22. Qc4+ Be6 23. Qd3 g5 24. Rde1 Qf6 25. Ng1 Rf8 26. Ne2 a4 27. Nc3
axb3 28. axb3 Qh6 29. f4 hxg3+ 30. Qxg3 gxf4 31. Qf3 Ra5 0-1

[Event "42nd Guernsey Open 2016"]
[Site "Vale GCI"]
[Date "2016.10.17"]
[Round "2"]
[White "Sedgwick, David R"]
[Black "Abbas, Daniel"]
[Result "1/2-1/2"]
[WhiteElo "1970"]
[BlackElo "2294"]
[PlyCount "93"]
[EventDate "2016.10.16"]
[EventType "swiss"]
[EventRounds "7"]
[EventCountry "GCI"]

1. e4 c5 2. a3 g6 3. b4 Bg7 4. Nc3 d5 5. exd5 Nf6 6. Bc4 cxb4 7. axb4 O-O 8.
Nf3 Nbd7 9. O-O Nb6 10. Ba2 Nfxd5 11. Bb2 Nxb4 12. Bb3 Nc6 13. h3 Bf5 14. d3
Rc8 15. Na4 Bxb2 16. Nxb2 a6 17. Re1 Rc7 18. c3 Nd5 19. Qd2 Nb8 20. c4 Nf6 21.
d4 Nc6 22. d5 Nb8 23. Nd4 Bc8 24. Nd3 e6 25. Qf4 exd5 26. cxd5 Rc3 27. Rad1
Nbd7 28. Qd2 Rxb3 29. Nxb3 Nxd5 30. Ndc5 N7f6 31. Re5 Qc7 32. Rxd5 Nxd5 33.
Qxd5 b6 34. Ne4 Qe7 35. Qd4 f6 36. Qe3 Bf5 37. Re1 Bxe4 38. Qxe4 Qxe4 39. Rxe4
Kf7 40. Rb4 b5 41. Nc5 Ra8 42. Rb2 Ke7 43. Ra2 a5 44. Nd3 Kd6 45. Kf1 Kd5 46.
Ke2 Kc4 47. Rc2+ 1/2-1/2

[Event "42nd Guernsey Open 2016"]
[Site "Vale GCI"]
[Date "2016.10.17"]
[Round "2"]
[White "Hoogland, Dirk"]
[Black "Morcom, Huw"]
[Result "1-0"]
[WhiteElo "2139"]
[BlackElo "1961"]
[PlyCount "63"]
[EventDate "2016.10.16"]
[EventType "swiss"]
[EventRounds "7"]
[EventCountry "GCI"]

1. c4 g6 2. g3 Bg7 3. Nc3 d6 4. Bg2 c6 5. Nf3 Na6 6. O-O Nf6 7. d4 O-O 8. e4
Qa5 9. d5 Bd7 10. Re1 Rad8 11. Bd2 Qc7 12. Rc1 c5 13. a3 Qb8 14. Qe2 Bg4 15. h3
Bxf3 16. Bxf3 Nd7 17. Bg2 Nc7 18. f4 e5 19. f5 a6 20. a4 Ne8 21. Rf1 h6 22. h4
Kh7 23. Bh3 Bf6 24. fxg6+ fxg6 25. Rf2 Bg7 26. Rcf1 Rxf2 27. Rxf2 Nef6 28. g4
Ng8 29. g5 h5 30. Bf5 gxf5 31. Qxh5+ Nh6 32. exf5 1-0

[Event "42nd Guernsey Open 2016"]
[Site "Vale GCI"]
[Date "2016.10.17"]
[Round "2"]
[White "Marley, Andrew SG"]
[Black "Maloberti, David"]
[Result "0-1"]
[WhiteElo "1957"]
[BlackElo "2123"]
[PlyCount "44"]
[EventDate "2016.10.16"]
[EventType "swiss"]
[EventRounds "7"]
[EventCountry "GCI"]

1. c4 Nf6 2. g3 g6 3. Bg2 Bg7 4. Nc3 d6 5. d4 O-O 6. Nf3 Nc6 7. O-O e5 8. d5
Ne7 9. Qb3 Nd7 10. Rd1 h6 11. e4 Nc5 12. Qa3 f5 13. Ne1 Nxe4 14. Nxe4 fxe4 15.
Bxe4 Nf5 16. Nd3 Nd4 17. Ne1 Bg4 18. f3 Qf6 19. Rd3 Bf5 20. Bxf5 Qxf5 21. Kg2
e4 22. Re3 exf3+ 0-1